Os ateneos ferroláns na súa historia (Record no. 197781)
[ view plain ]
| 000 -LEADER | |
|---|---|
| campo de control de longitud fija | 01733nam a22004094i 4500 |
| 001 - NÚMERO DE CONTROL | |
| campo de control | 197781 |
| 003 - IDENTIFICADOR DE NÚMERO DE CONTROL | |
| campo de control | ES-ScRBPG |
| 005 - FECHA Y HORA DE LA ÚLTIMA TRANSACCIÓN | |
| campo de control | 20251217063026.0 |
| 008 - DATOS DE LONGITUD FIJA--INFORMACIÓN GENERAL | |
| campo de control de longitud fija | 240917s1985 sp a 000 0 glg d |
| 017 ## - NÚMERO DE COPYRIGHT O DE DEPÓSITO LEGAL | |
| Número de copyright o de depósito legal | C 848-1984 |
| 020 ## - NÚMERO INTERNACIONAL ESTÁNDAR DEL LIBRO | |
| Número Internacional Estándar del Libro | 8460037703 |
| 035 ## - NÚMERO DE CONTROL DEL SISTEMA | |
| Número de control de sistema | RMF 0023976 |
| 040 ## - FUENTE DE CATALOGACIÓN | |
| Centro catalogador/agencia de origen | RMF |
| Lengua de catalogación | spa |
| Centro/agencia transcriptor | ES-MaACL |
| 080 ## - NÚMERO DE LA CLASIFICACIÓN DECIMAL UNIVERSAL | |
| Número de la Clasificación Decimal Universal | 061.22(460.111Ferrol)(091) |
| 100 ## - ENTRADA PRINCIPAL--NOMBRE DE PERSONA | |
| Nombre de persona | Llorca Freire, Guillermo, |
| Fechas asociadas al nombre | 1950- |
| 9 (RLIN) | 241519 |
| 245 13 - MENCIÓN DEL TÍTULO | |
| Título | Os ateneos ferroláns na súa historia |
| Resto del título | : (1879-1880, 1903-1917, 1931-1936) / |
| Mención de responsabilidad, etc. | Guillermo Llorca Freire ; [versión galega de Anxela Loureiro e Xosé Antonio Ponte Far]. |
| 260 ## - PUBLICACIÓN, DISTRIBUCIÓN, ETC. | |
| Lugar de publicación, distribución, etc. | Ferrol : |
| Nombre del editor, distribuidor, etc. | Ateneo Ferrolán, |
| Fecha de publicación, distribución, etc. | 1985 |
| Lugar de fabricación/manufactura | (Pontedeume (A Coruña) : |
| Fabricante | López Torre) |
| 300 ## - DESCRIPCIÓN FÍSICA | |
| Extensión | 39 p. : |
| Otras características físicas | il. ; |
| Dimensiones | 22 cm. |
| 336 ## - TIPO DE CONTENIDO | |
| Fuente | rdacontent |
| Término de tipo de contenido | texto |
| 337 ## - TIPO DE MEDIO | |
| Fuente | rdamedia |
| Nombre/término del tipo de medio | sin mediación |
| 338 ## - TIPO DE SOPORTE | |
| Fuente | rdacarrier |
| Nombre/término del tipo de soporte | volumen |
| 490 0# - MENCIÓN DE SERIE | |
| Mención de serie | Cuadernos Ateneo Ferrolán ; |
| Designación de volumen o secuencia | 4 |
| 500 ## - NOTA GENERAL | |
| Nota general | Publicación relizada baixo o patrocinio da Obra Social da Caixa de Aforros de Galicia |
| 500 ## - NOTA GENERAL | |
| Nota general | Registro Provisional. FOLL-DJ-7 |
| 500 ## - NOTA GENERAL | |
| Nota general | Índice. |
| 500 ## - NOTA GENERAL | |
| Nota general | Nº monográfico Cadernos Ateneo Ferrolán, año 6, nº 4 (1986) |
| 500 ## - NOTA GENERAL | |
| Nota general | Cubierta tomada como portada. |
| 650 #0 - PUNTO DE ACCESO ADICIONAL DE MATERIA--TÉRMINO DE MATERIA | |
| Término de materia o nombre geográfico como elemento de entrada | Ateneos - |
| Subdivisión geográfica | Ferrol |
| 9 (RLIN) | 241520 |
| 700 ## - ENTRADA AGREGADA--NOMBRE PERSONAL | |
| Nombre de persona | Loureiro Fernández, Ánxela, |
| Fechas asociadas al nombre | 1956- |
| 9 (RLIN) | 241521 |
| 700 ## - ENTRADA AGREGADA--NOMBRE PERSONAL | |
| Nombre de persona | Ponte Far, José Antonio, |
| Fechas asociadas al nombre | 1948- |
| 9 (RLIN) | 241522 |
| 710 2# - ENTRADA AGREGADA--NOMBRE DE ENTIDAD CORPORATIVA | |
| Nombre de entidad corporativa o nombre de jurisdicción como elemento de entrada | Ateneo Ferrolán. |
| 9 (RLIN) | 2041 |
| 852 ## - LOCALIZACIÓN | |
| Ubicación | ES-MaACL |
| Ubicación en estantería | Depósito J |
| Número de control de estantería | FOLL-DJ-7 |
| Anotaciones manuscritas | Dedicatoria Autógrafa del Autor |
| Donativo/Legado | Donación: Guillermo Llorca Freire |
| Encuadernación | Encuadernación Rustica |
| Nota libre | En Proceso |
| 942 ## - ELEMENTOS DE ENTRADA SECUNDARIOS (KOHA) | |
| Suprimir en OPAC | No |
| Préstamos Koha (prestado), todas las copias | 0 |
| Fuente del sistema de clasificación o colocación | Clasificación decimal universal |
| Tipo de ítem Koha | Folleto |
No items available.
